Представление документа в формате MARC21

Поле Инд. ПП Название Значение
Тип записи a
Библиографический уровень m
001 Контрольный номер 631b3fbb-6124-44c5-bdb8-50b4c931caf5
005 Дата корректировки 20140703174822.4
008 Кодируемые данные 010101
020 a ISBN 978-5-93913-132-2
c Цена, тираж 144.00
040 a Служба первич. каталог. НБ ТвГУ
041 a Код языка текста rus
080 a Индекс УДК 025.34:004
084 a Индекс другой классификации/Индекс ББК Ч737.05-568
090 a Полочн. индекс Ч737.0
x Авторский знак В37
100 1_ a Автор Вершинин Михаил Иосифович
245 10 a Заглавие Электронный каталог
b Продолж. заглавия проблемы и решения : [учебно-практическое пособие]
c Ответственность М. И. Вершинин
260 0_ a Место издания СПб.
b Издательство Профессия
c Дата издания 2007
300 a Объем 230, [1] с.
b Иллюстрации/ тип воспроизводства ил., табл.
440 a Серия Библиотека
504 a Библиография Библиогр. в конце гл.
583 a Действие Получение впервые 38 14.04.2009
k Исполнитель действия ООО "Издательство "Профессия"
650 a Основная рубрика Электронные каталоги
650 a Основная рубрика Библиотеки
x Основная подрубрика Каталогизация автоматизированная
650 a Основная рубрика Библиотечное дело
x Основная подрубрика Информационные технологии
653 a Ключевые слова Электронные каталоги
a Ключевые слова Автоматизированная каталогизация
a Ключевые слова Каталогизация
a Ключевые слова Машиночитаемые библиографические записи
a Ключевые слова Библиотеки
a Ключевые слова Информационные технологии
666 a К ру
852 t Порядковый номер экземпляра 1
p Инвентарный номер 931101
888 a За счет средств университета
952 p 38.2009 144.00 1 931101
954 a Дата поступления на обработку 20090416
999 a Подразделение 2 ОМСО